Manual didático de direito constitucional / (Record no. 453)

MARC details
000 -LÍDER
Campo Fixo de Controle 00847nam a2200265 a 4500
001 - NÚMERO DE CONTROLE
Campo de Controle 453
003 - IDENTIFICAÇÃO DO NÚMERO DE CONTROLE
Campo de Controle BR-CuiBMT
005 - DATA E HORA DA ÚLTIMA ATUALIZAÇÃO
Campo de Controle 20231110142627.0
008 - DADOS FIXOS
Dados Fixos 231107b2021 spba 2 000 0 eng d
020 ## - INTERNATIONAL STANDARD BOOK NUMBER
Nº do ISBN 9786555591156
040 ## - AGÊNCIA CATALOGADORA
Código da Agência Catalogadora BR-CuiBMT
Agência que transcreveu o registro BR-CuiBMT
080 ## - Nº DA CLASSIFICAÇÃO DECIMAL UNIVERSAL
Nº edição CDU 2007
Nº Class. CDU 342
Subd. Auxiliar Comum (094.4)
090 ## - NÚMERO DE CHAMADA
Nº classificação 342(094.4)
Cutter M538m
Ano/Edição 8. ed.
100 1# - ENTRADA PRINCIPAL -- AUTOR PESSOAL
Nome pessoal Mendes, Gilmar Ferreira
245 10 - TÍTULO PRINCIPAL
Título principal Manual didático de direito constitucional /
Indicação de responsabilidade Gilmar Ferreira Mendes, João Trindade Cavalcante Filho.
250 ## - EDIÇÃO
Edição 8. ed.
260 ## - PUBLICAÇÃO, DISTRIBUIÇÃO, ETC.
Local de publicação São Paulo :
Editora Saraiva,
Data 2021.
300 ## - DESCRIÇÃO FÍSICA
N. páginas ou volumes 727 p. :
Ilustrações il. ;
Dimensões 24 cm
490 1# - INDICAÇÃO DE SÉRIE
Título da série Série IDP ;
Volume/designação sequencial da série Linha Doutrina
590 ## - NOTA LOCAL
Nota local A biblioteca possui 2. reimpr. 2021.
650 ## - ASSUNTO TÓPICO
Cabeçalho tópico ou nome geográfico Direito constitucional
Subdivisão de forma Manual
Subdivisão geográfica Brasil
700 1# - ENTRADA SECUNDÁRIA -- NOME PESSOAL
Nome pessoal Cavalcante Filho, João Trindade
830 #0 - ENTRADA SECUNDÁRIA DE SÉRIE -- TÍTULO UNIFORME
Título uniforme IDP ;
Nº do volume/designação sequencial da série Linha Doutrina
942 ## - ELEMENTOS DE ENTRADA ADICIONAIS (KOHA)
Fonte de classificação ou esquema de arquivamento Classificação Decimal Universal
Tipo de item do Koha Livros
Holdings
Estado: removido Estado: perdido Fonte de classificação ou esquema de arquivamento Estado: danificado Indisponível para empréstimo Localização permanente Localização atual Data de aquisição Total Checkouts Número de Chamada completo Código de barras Date last seen Número do exemplar Preço efetivo a partir de Tipo de item (Koha) Nota pública
    Classificação Decimal Universal     Biblioteca da Escola Superior de Contas do TCE/MT Biblioteca da Escola Superior de Contas do TCE/MT 07/11/2023   342(094.4) M538m 8. ed. BIBTCEMT23110205 07/11/2023 Ex. 1 07/11/2023 Livros 2. reimpr. 2021
    Classificação Decimal Universal     Biblioteca da Escola Superior de Contas do TCE/MT Biblioteca da Escola Superior de Contas do TCE/MT 23/11/2023   342(094.4) M538m 8. ed. BIBTCEMT23110940 23/11/2023 Ex. 2 23/11/2023 Livros  
    Classificação Decimal Universal     Biblioteca da Escola Superior de Contas do TCE/MT Biblioteca da Escola Superior de Contas do TCE/MT 27/11/2023   35:616-036.21 D598 8. ed. BIBTCEMT23111150 27/11/2023 Ex. 3 27/11/2023 Livros  

Powered by Koha